000 00791cam a22002773a 4500
001 2870
003 PGUSA
005 20140828083022.0
008 011001s2001||||xxu|||||s|||||000 1 eng d
040 _aPGUSA
_beng
042 _adc
050 4 _aPS
100 1 _aJames, Henry,
_d1843-1916
245 1 0 _aWashington Square
_h[electronic resource] /
_cHenry James
260 _bProject Gutenberg,
_c2001
506 _aPublic domain in the USA.
516 _aElectronic text
653 _aWashington Square (New York, N.Y.) -- Fiction
653 _aYoung women -- Fiction
653 _aDomestic fiction
653 _aLove stories
653 _aFathers and daughters -- Fiction
830 0 _aProject Gutenberg
_v2870
856 4 0 _uhttp://www.gutenberg.org/ebooks/2870
942 _cEB
999 _c232202
_d232202